Dégel soviétique - Statistics

General Stats
  • This quiz has been taken 2 times
  • The average score is 5 of 12
Answer Stats
Hint Answer % Correct
Tchoukraï Ciel pur
100%
Sergueï Ourosevski Quand passent les cigognes
100%
Kalatosov Quand passent les cigognes
100%
Tchoukraï La Ballade du soldat
50%
Margarita Plikhina La Porte d’Ilich
50%
Tarkovski L’Enfance d’Ivan
50%
Sergueï Ourosevski Soy Cuba
50%
Sergueï Ourosevski La Quarante et unième
0%
Bondartchouk Le Destin d’un homme
0%
Margarita Plikhina Les Etoiles du jour
0%
Panfilov Pas de gué dans le feu
0%
Margarita Plikhina Thomas Gordeïev
0%
No matching quizzes found
Score Distribution
Percent of People with Each Score
Percentile by Number Answered
Your Score History
You have not taken this quiz